[Event "Ch_SFO"]
[Site "?"]
[Date "2018.03.18"]
[Round "6.16"]
[White "Khubukshanov, Erdem"]
[Black "Kalabukhov, Bogdan"]
[Result "1/2-1/2"]
[BlackElo "2326"]
[WhiteElo "2046"]
[LiveChessVersion "1.4.8"]

1. e4 {[%clk 1:30:57]} c5 {[%clk 1:22:24]} 2. Nf3 {[%clk 1:31:17]} d6
{[%clk 1:22:51]} 3. d4 {[%clk 1:29:47]} cxd4 {[%clk 1:23:18]} 4. Nxd4
{[%clk 1:30:09]} Nf6 {[%clk 1:23:43]} 5. Nc3 {[%clk 1:30:29]} a6 {[%clk 1:24:10]}
6. h3 {[%clk 1:30:50]} e5 {[%clk 1:24:33]} 7. Nde2 {[%clk 1:31:17]} h5
{[%clk 1:24:59]} 8. Bg5 {[%clk 1:31:23]} Be6 {[%clk 1:24:26]} 9. Bxf6
{[%clk 1:25:58]} Qxf6 {[%clk 1:24:54]} 10. Nd5 {[%clk 1:26:26]} Qd8
{[%clk 1:25:21]} 11. Nec3 {[%clk 1:26:46]} Nd7 {[%clk 1:18:24]} 12. Be2
{[%clk 1:26:44]} g6 {[%clk 1:18:09]} 13. O-O {[%clk 1:26:28]} Bg7
{[%clk 1:07:48]} 14. Ne3 {[%clk 1:20:15]} Nf6 {[%clk 1:00:25]} 15. Qd3
{[%clk 1:18:21]} Rc8 {[%clk 0:54:56]} 16. Rad1 {[%clk 1:17:44]} O-O
{[%clk 0:51:30]} 17. Qxd6 {[%clk 1:13:17]} Qa5 {[%clk 0:49:47]} 18. a3
{[%clk 1:12:09]} Rcd8 {[%clk 0:28:02]} 19. Qb4 {[%clk 1:11:18]} Qxb4
{[%clk 0:28:18]} 20. axb4 {[%clk 1:11:42]} Rd4 {[%clk 0:28:47]} 21. b5
{[%clk 1:04:01]} axb5 {[%clk 0:28:50]} 22. Nxb5 {[%clk 1:04:11]} Rb4
{[%clk 0:25:43]} 23. b3 {[%clk 1:03:37]} Nxe4 {[%clk 0:24:17]} 24. Nd5
{[%clk 1:01:01]} Bxd5 {[%clk 0:24:10]} 25. Rxd5 {[%clk 1:01:25]} Nf6
{[%clk 0:13:19]} 26. Rxe5 {[%clk 1:00:13]} Ne4 {[%clk 0:13:35]} 27. Re7
{[%clk 0:59:52]} Nc3 {[%clk 0:13:56]} 28. Nxc3 {[%clk 0:59:44]} Bxc3
{[%clk 0:14:25]} 29. Rd1 {[%clk 0:58:49]} b6 {[%clk 0:13:18]} 30. Bc4
{[%clk 0:58:02]} b5 {[%clk 0:13:18]} 31. Be2 {[%clk 0:58:01]} Rb8
{[%clk 0:13:18]} 32. Rd5 {[%clk 0:42:39]} h4 {[%clk 0:13:00]} 33. Rc7
{[%clk 0:42:05]} Bg7 {[%clk 0:05:16]} 34. Rcc5 {[%clk 0:41:10]} Re4
{[%clk 0:04:28]} 35. Rxb5 {[%clk 0:35:19]} Ra8 {[%clk 0:04:18]} 36. Bd3
{[%clk 0:33:03]} Ra1+ {[%clk 0:02:22]} 37. Kh2 {[%clk 0:33:26]} Ree1
{[%clk 0:02:23]} 38. Rb8+ {[%clk 0:33:17]} Bf8 {[%clk 0:02:44]} 39. g3
{[%clk 0:33:43]} Kg7 {[%clk 0:02:35]} 40. Rd7 {[%clk 0:27:52]} Rh1+
{[%clk 0:01:09]} 41. Kg2 {[%clk 0:28:09]} hxg3 42. Kxg3 {[%clk 0:26:07]} Rag1+
{[%clk 0:01:14]} 43. Kf3 {[%clk 0:25:47]} Rxh3+ {[%clk 0:01:35]} 44. Ke2
{[%clk 0:26:14]} Rg5 {[%clk 0:00:44]} 45. Rb5 {[%clk 0:21:54]} Rxd3
{[%clk 0:01:08]} 46. Rxf7+ {[%clk 0:20:04]} Kxf7 {[%clk 0:01:36]} 47. Rb7+
{[%clk 0:20:22]} Ke6 {[%clk 0:01:14]} 48. Kxd3 {[%clk 0:20:46]} Rd5+
{[%clk 0:01:12]} 49. Ke2 {[%clk 0:21:05]} Bh6 {[%clk 0:00:54]} 50. c4
{[%clk 0:21:13]} Rd2+ {[%clk 0:01:01]} 51. Kf3 {[%clk 0:21:38]} Bf8
{[%clk 0:01:21]} 52. Rb6+ {[%clk 0:20:46]} Kf5 {[%clk 0:01:31]} 53. Rb5+
{[%clk 0:21:10]} Kf6 {[%clk 0:01:55]} 54. Ke3 {[%clk 0:20:16]} Rc2
{[%clk 0:02:03]} 55. Rb6+ {[%clk 0:18:36]} Kf5 {[%clk 0:02:07]} 56. Rb5+
{[%clk 0:18:22]} Kf6 {[%clk 0:01:28]} 57. Rb6+ {[%clk 0:18:43]} Kg7
{[%clk 0:01:14]} 58. Rb5 {[%clk 0:18:24]} Bd6 {[%clk 0:01:16]} 59. f3
{[%clk 0:17:57]} Kf6 {[%clk 0:01:15]} 60. Rb6 {[%clk 0:17:48]} Ke5
{[%clk 0:01:03]} 61. f4+ {[%clk 0:17:57]} Ke6 {[%clk 0:01:07]} 62. Kd3
{[%clk 0:18:23]} Rc1 {[%clk 0:00:48]} 63. Kd2 {[%clk 0:18:49]} Rb1
{[%clk 0:00:37]} 64. c5 {[%clk 0:19:06]} Kd5 {[%clk 0:00:58]} 65. cxd6
{[%clk 0:17:35]} Ke6 {[%clk 0:01:27]} 66. b4 {[%clk 0:16:12]} Rb3
{[%clk 0:01:51]} 67. Ke2 {[%clk 0:16:27]} Kd7 {[%clk 0:02:13]} 68. b5
{[%clk 0:16:13]} Ke6 {[%clk 0:02:31]} 69. d7+ {[%clk 0:15:27]} Kxd7
{[%clk 0:03:00]} 70. Rxg6 {[%clk 0:15:43]} Rxb5 {[%clk 0:03:28]} 71. Kf3
{[%clk 0:15:56]} Ke7 {[%clk 0:03:54]} 72. Kg4 {[%clk 0:16:20]} Kf7
{[%clk 0:04:19]} 73. Ra6 {[%clk 0:16:43]} Kg7 {[%clk 0:04:36]} 74. f5
{[%clk 0:17:07]} Rb1 {[%clk 0:05:03]} 1/2-1/2

[Event "Ch_SFO"]
[Site "?"]
[Date "2018.03.18"]
[Round "6.17"]
[White "Tokmashov, Maxim"]
[Black "Siuniakov, Igor"]
[Result "1/2-1/2"]
[BlackElo "2302"]
[WhiteElo "2072"]
[LiveChessVersion "1.4.8"]

1. d4 {[%clk 1:27:33]} Nf6 {[%clk 1:30:46]} 2. Bf4 {[%clk 1:27:55]} g6
{[%clk 1:31:04]} 3. Nc3 {[%clk 1:28:09]} Bg7 {[%clk 1:30:42]} 4. e4
{[%clk 1:28:33]} O-O {[%clk 1:31:00]} 5. Qd2 {[%clk 1:28:57]} c5 {[%clk 1:28:13]}
6. d5 {[%clk 1:27:05]} Qa5 {[%clk 1:28:17]} 7. f3 {[%clk 1:24:06]} d6
{[%clk 1:23:36]} 8. Nge2 {[%clk 1:12:17]} b5 {[%clk 1:21:11]} 9. h4
{[%clk 1:10:37]} Nbd7 {[%clk 1:17:02]} 10. g4 {[%clk 0:56:19]} b4
{[%clk 1:12:55]} 11. Nd1 {[%clk 0:56:41]} Nb6 {[%clk 1:07:20]} 12. Kf2
{[%clk 0:50:26]} Bxg4 {[%clk 1:06:00]} 13. Ne3 {[%clk 0:44:46]} Bd7
{[%clk 1:02:33]} 14. Ng3 {[%clk 0:44:03]} Ne8 {[%clk 0:52:12]} 15. Nd1
{[%clk 0:42:47]} c4 {[%clk 0:50:48]} 16. Bh6 {[%clk 0:41:34]} Qc5+
{[%clk 0:50:50]} 17. Be3 {[%clk 0:41:27]} Qa5 {[%clk 0:48:04]} 18. Bh6
{[%clk 0:41:51]} c3 {[%clk 0:48:02]} 19. bxc3 {[%clk 0:42:08]} Qc5+
{[%clk 0:44:13]} 20. Kg2 {[%clk 0:37:47]} bxc3 {[%clk 0:39:07]} 21. Qc1
{[%clk 0:37:48]} e6 {[%clk 0:37:54]} 22. dxe6 {[%clk 0:32:18]} Bxe6
{[%clk 0:37:52]} 23. h5 {[%clk 0:31:46]} Nf6 {[%clk 0:33:02]} 24. Bxg7
{[%clk 0:29:52]} Kxg7 {[%clk 0:33:16]} 25. hxg6 {[%clk 0:29:45]} fxg6
{[%clk 0:33:35]} 26. Qh6+ {[%clk 0:30:00]} Kg8 {[%clk 0:33:30]} 27. Bd3
{[%clk 0:28:57]} Rf7 {[%clk 0:32:05]} 28. Nf2 {[%clk 0:24:21]} Qxf2+
{[%clk 0:30:47]} 29. Kxf2 {[%clk 0:24:48]} Ng4+ {[%clk 0:31:04]} 30. Ke2
{[%clk 0:24:53]} Nxh6 {[%clk 0:31:25]} 31. Rxh6 {[%clk 0:25:22]} Raf8
{[%clk 0:30:53]} 32. Nf5 {[%clk 0:18:49]} d5 {[%clk 0:29:59]} 33. Rg1
{[%clk 0:16:48]} dxe4 {[%clk 0:29:00]} 34. fxe4 {[%clk 0:15:24]} Nd7
{[%clk 0:19:18]} 35. Rhxg6+ {[%clk 0:10:33]} hxg6 {[%clk 0:19:40]} 36. Rxg6+
{[%clk 0:11:02]} Kh8 {[%clk 0:19:53]} 37. Rxe6 {[%clk 0:11:28]} Rf6
{[%clk 0:17:09]} 38. Re7 {[%clk 0:11:27]} R6f7 {[%clk 0:17:03]} 39. Re6
{[%clk 0:11:50]} Rf6 {[%clk 0:14:27]} 40. Re7 {[%clk 0:12:17]} R8f7
{[%clk 0:14:43]} 41. Re8+ {[%clk 0:12:22]} Rf8 {[%clk 0:14:36]} 42. Re7
{[%clk 0:12:50]} R6f7 {[%clk 0:14:18]} 43. Re6 {[%clk 0:13:12]} Nb6
{[%clk 0:14:22]} 44. Ke3 {[%clk 0:12:25]} Rf6 {[%clk 0:14:00]} 45. Re5
{[%clk 0:12:16]} Nd7 {[%clk 0:14:04]} 46. Ra5 {[%clk 0:10:57]} a6
{[%clk 0:13:40]} 47. Rxa6 {[%clk 0:09:47]} Rxa6 {[%clk 0:13:51]} 48. Bxa6
{[%clk 0:10:15]} Nb6 {[%clk 0:13:53]} 49. Kd4 {[%clk 0:08:41]} Ra8
{[%clk 0:13:47]} 50. Bb5 {[%clk 0:08:46]} Rxa2 {[%clk 0:13:29]} 51. Kxc3
{[%clk 0:08:59]} Kg8 {[%clk 0:13:18]} 52. Nd4 {[%clk 0:06:39]} Kf8
{[%clk 0:12:23]} 53. Kb4 {[%clk 0:06:49]} Ke7 {[%clk 0:12:07]} 54. e5
{[%clk 0:06:23]} Ra1 {[%clk 0:11:53]} 55. Kc5 {[%clk 0:06:04]} Na4+
{[%clk 0:10:55]} 56. Kb4 {[%clk 0:05:46]} Nb6 {[%clk 0:10:47]} 57. Kc5
{[%clk 0:06:09]} 1/2-1/2

[Event "Ch_SFO"]
[Site "?"]
[Date "2018.03.18"]
[Round "6.18"]
[White "Ergeshov, Timur"]
[Black "Chuldum, Artysh"]
[Result "1-0"]
[BlackElo "2122"]
[WhiteElo "2276"]
[LiveChessVersion "1.4.8"]

1. d4 {[%clk 1:30:59]} d5 {[%clk 1:23:41]} 2. c4 {[%clk 1:31:26]} c6
{[%clk 1:23:59]} 3. cxd5 {[%clk 1:31:47]} cxd5 {[%clk 1:24:21]} 4. Bg5
{[%clk 1:32:15]} Nf6 {[%clk 1:23:16]} 5. Bxf6 {[%clk 1:32:39]} gxf6
{[%clk 1:23:19]} 6. Nc3 {[%clk 1:33:06]} e6 {[%clk 1:23:10]} 7. e3
{[%clk 1:33:34]} Nc6 {[%clk 1:23:26]} 8. Bd3 {[%clk 1:34:00]} Qb6
{[%clk 1:23:42]} 9. a3 {[%clk 1:33:02]} f5 {[%clk 1:20:46]} 10. Nge2
{[%clk 1:33:07]} Bd6 {[%clk 1:20:16]} 11. O-O {[%clk 1:33:25]} Bd7
{[%clk 1:19:06]} 12. b4 {[%clk 1:33:32]} O-O {[%clk 1:18:29]} 13. Ng3
{[%clk 1:32:48]} Qd8 {[%clk 1:16:52]} 14. f4 {[%clk 1:30:59]} Kh8
{[%clk 1:16:23]} 15. Qe2 {[%clk 1:29:19]} Rg8 {[%clk 1:16:17]} 16. Rfc1
{[%clk 1:29:24]} Qh4 {[%clk 1:16:12]} 17. Rab1 {[%clk 1:26:25]} Rac8
{[%clk 1:09:02]} 18. Qh5 {[%clk 1:25:39]} Qf6 {[%clk 1:08:46]} 19. Nce2
{[%clk 1:25:05]} Rg4 {[%clk 1:03:08]} 20. h3 {[%clk 1:25:25]} Rgg8
{[%clk 1:01:18]} 21. Kh2 {[%clk 1:25:34]} Ne7 {[%clk 1:01:28]} 22. Rxc8
{[%clk 1:22:46]} Bxc8 {[%clk 0:59:49]} 23. a4 {[%clk 1:21:10]} Nc6
{[%clk 0:58:47]} 24. b5 {[%clk 1:20:54]} Nb4 {[%clk 0:59:14]} 25. Rb3
{[%clk 1:20:13]} Bd7 {[%clk 0:59:32]} 26. Ng1 {[%clk 1:15:27]} a6
{[%clk 0:57:11]} 27. Nf3 {[%clk 1:14:47]} Nxd3 {[%clk 0:53:17]} 28. Rxd3
{[%clk 1:15:16]} axb5 {[%clk 0:47:29]} 29. Ng5 {[%clk 1:11:38]} Rg7
{[%clk 0:46:54]} 30. axb5 {[%clk 1:10:00]} Bxb5 {[%clk 0:45:49]} 31. Rb3
{[%clk 1:10:27]} Bc6 {[%clk 0:45:28]} 32. Rb1 {[%clk 1:07:33]} Qe7
{[%clk 0:44:37]} 33. Ra1 {[%clk 1:00:25]} f6 {[%clk 0:44:38]} 34. Ra8+
{[%clk 0:55:21]} Rg8 {[%clk 0:45:04]} 35. Nf7+ {[%clk 0:54:52]} Kg7
{[%clk 0:43:30]} 36. Qh6+ {[%clk 0:51:21]} Kxf7 {[%clk 0:43:43]} 37. Qxh7+
{[%clk 0:51:37]} Rg7 {[%clk 0:44:11]} 38. Qh5+ {[%clk 0:51:40]} Rg6
{[%clk 0:44:37]} 39. Rh8 {[%clk 0:51:31]} Be8 {[%clk 0:39:22]} 40. Rh7+
{[%clk 0:51:33]} Kg8 {[%clk 0:39:47]} 41. Rh8+ {[%clk 0:51:47]} Kf7
{[%clk 0:39:36]} 42. Rh7+ {[%clk 0:52:12]} Kg8 {[%clk 0:40:03]} 43. Rxe7
{[%clk 0:52:35]} Bxe7 {[%clk 0:40:31]} 44. Qd1 {[%clk 0:50:03]} b5
{[%clk 0:35:45]} 45. Ne2 {[%clk 0:50:11]} b4 {[%clk 0:33:12]} 46. Nc1
{[%clk 0:50:36]} Bb5 {[%clk 0:33:30]} 47. Qh5 {[%clk 0:48:09]} Kg7
{[%clk 0:31:26]} 48. Nb3 {[%clk 0:47:24]} Bf1 {[%clk 0:31:18]} 49. g3
{[%clk 0:40:33]} Bxh3 {[%clk 0:29:05]} 50. Qe2 {[%clk 0:40:33]} Rh6
{[%clk 0:29:09]} 51. Kg1 {[%clk 0:40:59]} Bg4 {[%clk 0:14:02]} 52. Qa6
{[%clk 0:41:13]} Bf3 {[%clk 0:05:59]} 53. Qxe6 {[%clk 0:41:14]} Bf8
{[%clk 0:04:25]} 54. Qd7+ {[%clk 0:33:55]} Kg6 {[%clk 0:00:55]} 55. Qd8
{[%clk 0:19:20]} 1-0

[Event "Ch_SFO"]
[Site "?"]
[Date "2018.03.18"]
[Round "6.19"]
[White "Kyshtymov, Daniil"]
[Black "Batalov, Aleksandr"]
[Result "1-0"]
[BlackElo "2014"]
[WhiteElo "2217"]
[LiveChessVersion "1.4.8"]

1. e4 {[%clk 1:30:22]} e6 {[%clk 1:30:53]} 2. d4 {[%clk 1:29:28]} d5
{[%clk 1:31:18]} 3. Nd2 {[%clk 1:29:44]} dxe4 {[%clk 1:31:42]} 4. Nxe4
{[%clk 1:30:01]} Nd7 {[%clk 1:32:08]} 5. Nf3 {[%clk 1:30:00]} Ngf6
{[%clk 1:32:33]} 6. Nxf6+ {[%clk 1:27:19]} Nxf6 {[%clk 1:32:49]} 7. Bd3
{[%clk 1:27:25]} Be7 {[%clk 1:32:51]} 8. Qe2 {[%clk 1:22:12]} h6 {[%clk 1:28:04]}
9. Bd2 {[%clk 1:19:24]} Bd7 {[%clk 1:26:16]} 10. Ne5 {[%clk 1:08:46]} Rc8
{[%clk 1:16:32]} 11. O-O-O {[%clk 1:02:56]} a6 {[%clk 1:03:12]} 12. g4
{[%clk 0:44:55]} c5 {[%clk 0:45:13]} 13. dxc5 {[%clk 0:41:09]} Rxc5
{[%clk 0:43:50]} 14. h4 {[%clk 0:39:54]} Qc7 {[%clk 0:31:56]} 15. f4
{[%clk 0:37:32]} Nd5 {[%clk 0:27:10]} 16. Kb1 {[%clk 0:30:44]} b5
{[%clk 0:20:25]} 17. g5 {[%clk 0:26:18]} h5 {[%clk 0:16:41]} 18. g6
{[%clk 0:24:55]} f6 {[%clk 0:16:36]} 19. Nf7 {[%clk 0:22:09]} Rf8
{[%clk 0:16:28]} 20. f5 {[%clk 0:21:38]} e5 {[%clk 0:15:19]} 21. Be3
{[%clk 0:16:11]} Nxe3 {[%clk 0:10:23]} 22. Qxe3 {[%clk 0:16:40]} Bc6
{[%clk 0:09:15]} 23. Be4 {[%clk 0:15:58]} Bxe4 {[%clk 0:08:01]} 24. Qxe4
{[%clk 0:16:27]} Qc6 {[%clk 0:07:36]} 25. Qe2 {[%clk 0:15:30]} b4
{[%clk 0:06:19]} 26. Rh3 {[%clk 0:12:28]} a5 {[%clk 0:02:22]} 27. Rhd3
{[%clk 0:12:02]} Rxf7 {[%clk 0:01:58]} 28. gxf7+ {[%clk 0:12:19]} Kxf7
{[%clk 0:02:05]} 29. Qxh5+ {[%clk 0:12:28]} Kg8 {[%clk 0:02:05]} 30. Rd8+
{[%clk 0:12:27]} Bf8 {[%clk 0:02:17]} 31. R8d7 {[%clk 0:06:04]} Qc8
{[%clk 0:01:50]} 32. Qf7+ {[%clk 0:06:12]} Kh7 {[%clk 0:01:42]} 33. Rg1
{[%clk 0:05:58]} 1-0

[Event "Ch_SFO"]
[Site "?"]
[Date "2018.03.19"]
[Round "7.1"]
[White "Maletina, Tatiana"]
[Black "Yanuchenko, Polina"]
[Result "1-0"]
[BlackElo "2105"]
[WhiteElo "2214"]
[LiveChessVersion "1.4.8"]

1. d4 {[%clk 1:30:58]} d5 {[%clk 1:30:55]} 2. c4 {[%clk 1:31:23]} e6
{[%clk 1:31:12]} 3. Nf3 {[%clk 1:31:48]} c6 {[%clk 1:31:26]} 4. Qc2
{[%clk 1:31:58]} dxc4 {[%clk 1:29:17]} 5. Qxc4 {[%clk 1:31:51]} b5
{[%clk 1:29:16]} 6. Qc2 {[%clk 1:32:16]} Bb7 {[%clk 1:28:17]} 7. Bg5
{[%clk 1:32:37]} Be7 {[%clk 1:23:00]} 8. Bxe7 {[%clk 1:32:02]} Qxe7
{[%clk 1:23:14]} 9. Nbd2 {[%clk 1:31:15]} Nd7 {[%clk 1:13:34]} 10. e3
{[%clk 1:27:04]} Rc8 {[%clk 1:09:20]} 11. Rc1 {[%clk 1:22:41]} a6
{[%clk 1:01:02]} 12. Nb3 {[%clk 1:22:32]} Qb4+ {[%clk 0:54:12]} 13. Nfd2
{[%clk 1:17:19]} Ngf6 {[%clk 0:49:10]} 14. Be2 {[%clk 1:17:13]} c5
{[%clk 0:33:20]} 15. a3 {[%clk 0:52:20]} Qa4 {[%clk 0:32:59]} 16. Nxc5
{[%clk 0:47:26]} Nxc5 {[%clk 0:29:53]} 17. dxc5 {[%clk 0:47:50]} Qxc2
{[%clk 0:28:18]} 18. Rxc2 {[%clk 0:48:16]} Bxg2 {[%clk 0:26:33]} 19. Rg1
{[%clk 0:48:42]} Be4 {[%clk 0:26:32]} 20. Nxe4 {[%clk 0:47:15]} Nxe4
{[%clk 0:26:56]} 21. b4 {[%clk 0:43:56]} h6 {[%clk 0:19:21]} 22. Rg4
{[%clk 0:36:23]} Nf6 {[%clk 0:15:04]} 23. Rxg7 {[%clk 0:36:48]} Kf8
{[%clk 0:14:07]} 24. Rg1 {[%clk 0:36:32]} Ke7 {[%clk 0:13:43]} 25. Bf3
{[%clk 0:36:31]} Nd5 {[%clk 0:11:53]} 26. Bxd5 {[%clk 0:36:06]} exd5
{[%clk 0:12:18]} 27. Rd2 {[%clk 0:36:33]} Rhd8 {[%clk 0:08:13]} 28. Ke2
{[%clk 0:36:58]} Ke6 {[%clk 0:08:06]} 29. Rgd1 {[%clk 0:37:10]} f5
{[%clk 0:08:10]} 30. Rd4 {[%clk 0:32:02]} a5 {[%clk 0:04:41]} 31. Rh4
{[%clk 0:32:26]} Rh8 {[%clk 0:04:44]} 32. Rg1 {[%clk 0:31:47]} Kf6
{[%clk 0:04:17]} 33. Kf3 {[%clk 0:29:58]} axb4 {[%clk 0:04:31]} 34. axb4
{[%clk 0:30:24]} Rce8 {[%clk 0:01:54]} 35. Ra1 {[%clk 0:30:18]} Ke5
{[%clk 0:01:08]} 36. Ra6 {[%clk 0:30:06]} h5 {[%clk 0:00:51]} 37. Rd4
{[%clk 0:30:25]} Re6 {[%clk 0:00:55]} 38. Ra7 {[%clk 0:30:30]} Rf8
{[%clk 0:00:40]} 39. Rd7 {[%clk 0:30:47]} 1-0

[Event "Ch_SFO"]
[Site "?"]
[Date "2018.03.19"]
[Round "7.2"]
[White "Orshonova, Elena"]
[Black "Loskutova, Viktoriya"]
[Result "1/2-1/2"]
[BlackElo "2027"]
[WhiteElo "2024"]
[LiveChessVersion "1.4.8"]

1. e4 {[%clk 1:30:55]} c5 {[%clk 1:30:57]} 2. Nf3 {[%clk 1:31:14]} g6
{[%clk 1:31:24]} 3. d4 {[%clk 1:31:38]} cxd4 {[%clk 1:31:51]} 4. Nxd4
{[%clk 1:32:04]} Bg7 {[%clk 1:32:15]} 5. Nc3 {[%clk 1:32:20]} Nc6
{[%clk 1:32:43]} 6. Be3 {[%clk 1:32:42]} Nf6 {[%clk 1:33:11]} 7. Qd2
{[%clk 1:32:11]} O-O {[%clk 1:27:11]} 8. O-O-O {[%clk 1:31:53]} Ng4
{[%clk 1:17:39]} 9. Nxc6 {[%clk 1:32:06]} bxc6 {[%clk 1:18:06]} 10. Bd4
{[%clk 1:32:23]} Bh6 {[%clk 1:18:16]} 11. Be3 {[%clk 1:30:33]} Nxe3
{[%clk 1:18:29]} 12. fxe3 {[%clk 1:30:58]} Qb6 {[%clk 1:18:26]} 13. Re1
{[%clk 1:30:24]} Rb8 {[%clk 1:10:52]} 14. Na4 {[%clk 1:29:40]} Qc7
{[%clk 1:07:05]} 15. Kb1 {[%clk 1:28:42]} Bg7 {[%clk 1:05:57]} 16. Bd3
{[%clk 1:20:10]} Qe5 {[%clk 1:04:27]} 17. c3 {[%clk 1:20:32]} Qa5
{[%clk 1:01:51]} 18. Bc2 {[%clk 1:20:29]} d6 {[%clk 0:56:22]} 19. Ka1
{[%clk 1:11:59]} c5 {[%clk 0:53:29]} 20. Rd1 {[%clk 1:09:57]} Be6
{[%clk 0:46:27]} 21. Rhf1 {[%clk 1:02:54]} Rb7 {[%clk 0:39:27]} 22. Rf4
{[%clk 1:02:01]} Be5 {[%clk 0:39:01]} 23. Rf2 {[%clk 1:01:39]} Rfb8
{[%clk 0:39:21]} 24. Rb1 {[%clk 1:01:50]} Bd7 {[%clk 0:37:54]} 25. c4
{[%clk 0:57:29]} Qa6 {[%clk 0:37:07]} 26. Nc3 {[%clk 0:51:53]} Be6
{[%clk 0:37:28]} 27. Bd3 {[%clk 0:48:13]} Bxc4 {[%clk 0:35:15]} 28. Bxc4
{[%clk 0:48:20]} Qxc4 {[%clk 0:35:40]} 29. Qd5 {[%clk 0:45:41]} Qxd5
{[%clk 0:36:03]} 30. Nxd5 {[%clk 0:46:02]} Bxh2 {[%clk 0:35:19]} 31. g4
{[%clk 0:43:35]} Be5 {[%clk 0:35:24]} 32. g5 {[%clk 0:43:39]} a5 {[%clk 0:31:20]}
33. a3 {[%clk 0:42:25]} Rb3 {[%clk 0:26:48]} 34. Ka2 {[%clk 0:42:49]} Kf8
{[%clk 0:26:13]} 35. Rc2 {[%clk 0:30:53]} e6 {[%clk 0:22:45]} 36. Nf6
{[%clk 0:30:01]} Bxf6 {[%clk 0:23:10]} 37. gxf6 {[%clk 0:30:27]} Rxe3
{[%clk 0:23:36]} 38. Rd1 {[%clk 0:30:09]} Rb6 {[%clk 0:21:33]} 39. Rxc5
{[%clk 0:29:52]} Rb8 {[%clk 0:20:22]} 40. Rxd6 {[%clk 0:29:53]} Rxe4
{[%clk 0:20:40]} 41. Rdc6 {[%clk 0:28:13]} Re8 {[%clk 0:20:40]} 42. Rxa5
{[%clk 0:26:17]} Rf4 {[%clk 0:18:43]} 43. b4 {[%clk 0:25:58]} Rxf6
{[%clk 0:13:57]} 44. Rac5 {[%clk 0:24:30]} Rf2+ {[%clk 0:12:21]} 45. Kb3
{[%clk 0:24:55]} Rf3+ {[%clk 0:12:40]} 46. Ka4 {[%clk 0:21:02]} h5
{[%clk 0:09:47]} 47. b5 {[%clk 0:21:22]} h4 {[%clk 0:09:33]} 48. b6
{[%clk 0:12:43]} Ra8+ {[%clk 0:09:43]} 49. Kb4 {[%clk 0:11:57]} Raxa3
{[%clk 0:08:42]} 50. Rc3 {[%clk 0:02:18]} Rfxc3 {[%clk 0:09:09]} 51. Rxc3
{[%clk 0:02:42]} Ra6 {[%clk 0:09:36]} 52. Kb5 {[%clk 0:03:08]} Rxb6+
{[%clk 0:10:02]} 53. Kxb6 {[%clk 0:03:30]} g5 {[%clk 0:09:45]} 54. Kc5
{[%clk 0:03:57]} g4 {[%clk 0:09:25]} 55. Kd4 {[%clk 0:04:20]} h3 {[%clk 0:04:51]}
56. Ke3 {[%clk 0:04:33]} f5 {[%clk 0:03:32]} 57. Kf4 {[%clk 0:02:27]} e5+
{[%clk 0:02:33]} 58. Kg3 {[%clk 0:01:35]} Kf7 {[%clk 0:02:57]} 59. Rc6
{[%clk 0:01:56]} Ke7 {[%clk 0:02:36]} 60. Rh6 {[%clk 0:02:17]} Kf7
{[%clk 0:03:01]} 61. Ra6 {[%clk 0:01:52]} Ke7 {[%clk 0:03:15]} 62. Rb6
{[%clk 0:01:21]} Kf7 {[%clk 0:03:16]} 63. Ra6 {[%clk 0:01:43]} 1/2-1/2

[Event "Ch_SFO"]
[Site "?"]
[Date "2018.03.19"]
[Round "7.3"]
[White "Gyrgenova, Ekaterina"]
[Black "Petrukhina, Olga"]
[Result "0-1"]
[BlackElo "2133"]
[WhiteElo "1963"]
[LiveChessVersion "1.4.8"]

1. d4 {[%clk 1:30:56]} d5 {[%clk 1:31:00]} 2. c4 {[%clk 1:31:19]} e6
{[%clk 1:31:29]} 3. Nc3 {[%clk 1:31:40]} Be7 {[%clk 1:31:58]} 4. cxd5
{[%clk 1:32:02]} exd5 {[%clk 1:32:26]} 5. Bf4 {[%clk 1:32:24]} c6
{[%clk 1:32:52]} 6. e3 {[%clk 1:32:45]} Bf5 {[%clk 1:33:12]} 7. g4
{[%clk 1:32:59]} Be6 {[%clk 1:33:31]} 8. h3 {[%clk 1:33:22]} Nf6 {[%clk 1:28:56]}
9. Bd3 {[%clk 1:33:22]} Qa5 10. Rc1 {[%clk 1:17:24]} h5 {[%clk 1:14:47]} 11. g5
{[%clk 1:07:09]} Ne4 {[%clk 1:15:05]} 12. Qb3 {[%clk 1:07:05]} Qb6
{[%clk 0:50:00]} 13. Qc2 {[%clk 0:38:50]} Bxg5 {[%clk 0:35:42]} 14. Bxe4
{[%clk 0:18:23]} Bxf4 {[%clk 0:35:54]} 15. Bf5 {[%clk 0:17:39]} Bxf5
{[%clk 0:27:24]} 16. Qxf5 {[%clk 0:18:07]} Bc7 {[%clk 0:26:39]} 17. Nf3
{[%clk 0:14:21]} Nd7 {[%clk 0:22:24]} 18. e4 {[%clk 0:08:55]} g6 {[%clk 0:18:02]}
19. Qg5 {[%clk 0:09:20]} dxe4 {[%clk 0:16:40]} 20. Nxe4 {[%clk 0:09:43]} Qa5+
{[%clk 0:16:15]} 21. Kf1 {[%clk 0:08:37]} Qxg5 {[%clk 0:16:02]} 22. Nexg5
{[%clk 0:08:00]} Bf4 {[%clk 0:10:20]} 23. Re1+ {[%clk 0:07:49]} Kf8
{[%clk 0:10:50]} 24. Kg2 {[%clk 0:07:53]} Nf6 {[%clk 0:09:58]} 25. Ne4
{[%clk 0:07:05]} Nd5 {[%clk 0:07:35]} 26. Nc5 {[%clk 0:05:38]} Kg7
{[%clk 0:07:57]} 27. Re2 {[%clk 0:04:55]} Bd6 {[%clk 0:07:09]} 28. Nd3
{[%clk 0:04:52]} Rhe8 {[%clk 0:04:23]} 29. Rhe1 {[%clk 0:05:06]} Rxe2
{[%clk 0:04:26]} 30. Rxe2 {[%clk 0:05:36]} Kf8 {[%clk 0:04:25]} 31. Nfe5
{[%clk 0:04:12]} Bxe5 {[%clk 0:04:20]} 32. dxe5 {[%clk 0:04:41]} Ke7
{[%clk 0:04:37]} 33. Kg3 {[%clk 0:03:49]} Rd8 {[%clk 0:05:02]} 34. Nc5
{[%clk 0:03:22]} b6 {[%clk 0:03:49]} 35. Ne4 {[%clk 0:03:46]} Nb4
{[%clk 0:02:48]} 36. a3 {[%clk 0:03:40]} Rd3+ {[%clk 0:02:54]} 37. f3
{[%clk 0:02:50]} Nd5 {[%clk 0:03:23]} 38. Rc2 {[%clk 0:02:08]} c5
{[%clk 0:03:20]} 39. Re2 {[%clk 0:01:22]} Ne3 {[%clk 0:01:41]} 40. Nd6
{[%clk 0:00:51]} Nf5+ {[%clk 0:01:16]} 41. Nxf5+ {[%clk 0:01:17]} gxf5
{[%clk 0:01:45]} 42. Kf4 {[%clk 0:01:02]} Ke6 {[%clk 0:02:06]} 43. Rf2
{[%clk 0:00:43]} f6 {[%clk 0:00:54]} 44. exf6 Kxf6 45. Re2 {[%clk 0:01:24]} Rd4+
{[%clk 0:01:32]} 46. Kg3 {[%clk 0:01:43]} h4+ {[%clk 0:01:50]} 47. Kf2
{[%clk 0:02:02]} Rd7 {[%clk 0:01:06]} 48. Kf1 {[%clk 0:01:43]} Kg5
{[%clk 0:01:21]} 49. Kf2 {[%clk 0:01:18]} Kf4 {[%clk 0:01:34]} 50. Rc2
{[%clk 0:01:43]} Rd4 {[%clk 0:01:49]} 51. b3 {[%clk 0:01:40]} a5 {[%clk 0:01:27]}
52. Kg2 {[%clk 0:00:45]} Ke3 {[%clk 0:00:51]} 53. Rb2 {[%clk 0:00:40]} Rd2+
{[%clk 0:01:05]} 54. Rxd2 {[%clk 0:01:05]} Kxd2 {[%clk 0:01:34]} 55. Kf2
{[%clk 0:01:26]} f4 {[%clk 0:01:57]} 56. Kf1 {[%clk 0:01:39]} a4 {[%clk 0:01:54]}
57. bxa4 {[%clk 0:02:04]} c4 {[%clk 0:02:20]} 0-1